| 000 | 00924cam a22002897a 4500 | ||
|---|---|---|---|
| 003 | CHAP | ||
| 005 | 20220329134602.0 | ||
| 008 | 971013s r 00010 d | ||
| 010 | _a22564 | ||
| 011 | _a23536 | ||
| 035 | _a27632 | ||
| 040 | _cCHAP | ||
| 082 |
_a338.1735 _bA88 |
||
| 111 | 0 | 0 |
_aAustralia. Bureau of Agricultural Economics. _98374 |
| 245 | 1 | 4 | _aThe fibre review, 19 - |
| 260 |
_aCamberra : _bAustralia Government Publishing Service, _c19 - |
||
| 300 |
_av. _b; gráfs |
||
| 500 | _aLa biblioteca tiene: 1972-73 | ||
| 590 |
_aBATCH-UPD _b10 _c20130110 _lUCH01 _h2132 |
||
| 590 |
_aBATCH-UPD _b10 _c20130410 _lUCH01 _h1442 |
||
| 590 |
_aBATCH-UPD _b10 _c20130914 _lUCH01 _h1406 |
||
| 590 |
_aCONVERSION _b10 _c20130109 _lUCH01 _h1313 |
||
| 650 | 1 | 4 |
_aFibras _xAspectos económicos _xAustralia. _940695 |
| 901 | _aBK | ||
| 942 | _cLIBRO | ||
| 949 |
_a338.1735 A88 _bBC _cBPA _d-64047 _eBPA _f1972-73 _h39400 _i27632 _mD _si |
||
| 999 |
_c22564 _d22564 |
||